|
|
|
|
| LEADER |
00000cam a2200000 7i4500 |
| 001 |
0000001377 |
| 005 |
20010612.0 |
| 090 |
0 |
0 |
|a 634.92
|b COM 1998
|
| 245 |
0 |
0 |
|a COMMUNITIES and forest management in Canada and the United States
|
| 260 |
0 |
0 |
|a Gland, Switzerland :
|b WG-CIFM ,
|c 1998
|
| 300 |
|
|
|a viii, 139 p. :
|b col. ill., maps ;
|c 28 cm.
|
| 440 |
0 |
0 |
|a Forests: People and policies
|
| 500 |
0 |
0 |
|a Includes bibliographical references and index
|
| 650 |
0 |
0 |
|a Forest management
|
| 710 |
1 |
1 |
|a IUCN Working Group on Community Involvement in Forest Management
|
| 998 |
|
|
|a JPSM
|
| 999 |
|
|
|a 0000002873
|b Monograph
|c Open Shelf
|e Default branch
|